00672nam a22001817a 450000500170000001000150001702000250003203500140005703700130007110000250008424500590010926000430016827001070021130000230031894200170034199900170035895201150037520100723153126.0 aENG- 96615 a9788128821165c95.00 aEN- 80148 bDBAD/PUB aJoginder Singh91051 aHow to excel, when chips are down /cby Joginder Singh aNew DelhibDiamond Pocket Books c2009 aX- 30, Okhla Industrial Area, Phase- IIbNew Delhie110020k011- 41611861l011- 41611866msales@dpb.in a174p.c21cm, (pbk) 2ddccENmJOG c37326d37326 001040718NFICaDBADbDBADd2010-07-23eDBAD/PUBg95.00l0oSINpEN-80148r2010-07-23 00:00:00t1v95.00yEN